000 nam a22 7a 4500
999 _c10376
_d10376
008 180215b ||||| |||| 00| 0 eng d
100 _aJain,R.K.
_96330
245 _aUp from Slavery: An Auto Biography
260 _aNew Delhi
_bApc
_c2012